Statistics for Majority Atheist Countries

Click here to take the quiz!

General Stats

  • This quiz has been taken 120 times
  • The average score is 5 of 10

Answer Stats

PercentageAnswer% Correct
71.3North Korea
95%
52.2China
89%
57.0Japan
80%
46.4South Korea
77%
47.8Czechia
54%
58.4Estonia
51%
40.6Mongolia
35%
57.5Netherlands
31%
48.5New Zealand
22%
40.7Uruguay
5%

Score Distribution

Percentile by Number Answered

Percent of People with Each Score

Your Score History

You have not taken this quiz